KOHA-Header-6

Java How to Program (Record no. 1230)

000 -LEADER
fixed length control field 00311nam a2200133Ia 4500
008 - FIXED-LENGTH DATA ELEMENTS--GENERAL INFORMATION
fixed length control field 190723s9999 xx 000 0 und d
020 ## - INTERNATIONAL STANDARD BOOK NUMBER
International Standard Book Number 978-93-325-6329-2
100 ## - MAIN ENTRY--PERSONAL NAME
Personal name Paul Deitel
245 #0 - TITLE STATEMENT
Title Java How to Program
250 ## - EDITION STATEMENT
Edition statement 10th
260 ## - PUBLICATION, DISTRIBUTION, ETC. (IMPRINT)
Place of publication, distribution, etc New Delhi
Name of publisher, distributor, etc Pearson
Date of publication, distribution, etc 2016
300 ## - PHYSICAL DESCRIPTION
Extent 1240
942 ## - ADDED ENTRY ELEMENTS (KOHA)
Koha item type Books
Holdings
Withdrawn status Lost status Source of classification or shelving scheme Damaged status Not for loan Collection code Permanent Location Current Location Shelving location Date acquired Total Checkouts Full call number Barcode Date last seen Date checked out Price effective from Koha item type
          Computer Languages MAJU MAJU Shelf No.A33 2019-07-23 2 5.133 7855 2021-10-26 2021-10-25 2019-07-23 Computer Languages

Powered by Koha